LEADER 01667oam 2200529z 450 001 9910714848903321 005 20230818155521.0 010 $a0-585-05877-6 035 $a(CKB)111004365828982 035 $a(SSID)ssj0000199403 035 $a(PQKBManifestationID)12058522 035 $a(PQKBTitleCode)TC0000199403 035 $a(PQKBWorkID)10204495 035 $a(PQKB)10945054 035 $a(OCoLC)1164713184 035 $a(OCoLC)1286080136 035 $a(EXLCZ)99111004365828982 100 $a20160829h19921992 uy 0 101 0 $aeng 135 $aurmn||||||||| 181 $ctxt$2rdacontent 182 $cc$2rdamedia 183 $acr$2rdacarrier 200 10$aMauritania /$fSimonetta Calderini, Delia Cortese, James L.A. Webb, Jr 205 $a[Library of Congress public edition]. 210 31$aOxford :$cClio Press,$d1992 210 4$aŠ1992 215 $a1 online resource (xvii, 165 pages) $cillustrations 225 0 $aWorld bibliographical series Mauritania 300 $aBibliographic Level Mode of Issuance: Monograph 300 $aIncludes index. 311 0 $a1-85109-152-1 320 $aIncludes bibliographical reference. 410 0$aWorld bibliographical series;$v141 606 $aCitizenship$zMauritania 607 $aMauritania$xBibliography 615 0$aCitizenship 676 $a016.9661 700 $aCalderini$b Simonetta$0251790 702 $aCortese$b Delia 702 $aWebb$b James L. A.$cJr.,$f1952- 712 02$aLibrary of Congress.$bCongressional Research Service, 801 0$bPQKB 906 $aBOOK 912 $a9910714848903321 996 $aMauritania$9635680 997 $aUNINA